[Event "Bhubaneswar SOA op 1st"]
[Site "Bhubaneswar"]
[Date "2024.01.30"]
[Round "4"]
[White "Gonzales, Jayson"]
[Black "Priansh, Das"]
[Result "0-1"]
[WhiteElo "2367"]
[BlackElo "1910"]
[PlyCount "189"]
[EventDate "2024.01.28"]
[EventType "swiss"]
[EventRounds "10"]
[EventCountry "IND"]
[SourceTitle "CBM 218 Extra"]
[Source "ChessBase"]
[SourceDate "2024.03.31"]
[SourceVersion "1"]
[SourceVersionDate "2024.03.31"]
[SourceQuality "1"]

1. d4 Nf6 2. Nf3 g6 3. c4 Bg7 4. Nc3 d6 5. Bg5 0-0 6. e3 c6 7. Be2 Qc7 8. Nd2 e5 9. d5 Ne8 10. g4 h6 11. Bh4 a5 12. e4 Na6 13. f3 Nc5 14. Nb3 Na6 15. Qd2 Kh7 16. 0-0-0 a4 17. Nxa4 cxd5 18. Kb1 dxc4 19. Bxc4 Bxg4 20. Be2 Be6 21. Rc1 Nc5 22. Naxc5 dxc5 23. Rxc5 Bxb3 24. Rxc7 Bxa2+ 25. Kc2 Nxc7 26. Ra1 Ne6 27. Rxa2 Rxa2 28. Bc4 Nd4+ 29. Kd3 Ra1 30. Be7 Re8 31. Bc5 Nxf3 32. Qf2 Rd8+ 33. Bd5 Ng5 34. Kc2 Rc8 35. Kb3 Rc7 36. Bb6 Rd7 37. Qe2 Rd6 38. Bc5 Ne6 39. Bxe6 Rxe6 40. Qb5 Rc1 41. Ka2 h5 42. h4 Rc6 43. b4 Rc7 44. Qe8 Rc4 45. Kb3 Rxe4 46. Qd8 Rc6 47. Qd7 Rf6 48. Qxb7 Rxh4 49. Ka4 Rf1 50. Kb5 Rhf4 51. Qg2 e4 52. Kc6 R1f3 53. Bd6 Rf6 54. Kc7 Rc3+ 55. Bc5 Bf8 56. Qb2 Rff3 57. Kc6 Rxc5+ 58. bxc5 Rf5 59. Qd4 Bxc5 60. Qxe4 Bf8 61. Kd7 Bg7 62. Qc4 Kg8 63. Qc8+ Bf8 64. Qc3 Rd5+ 65. Ke8 Bg7 66. Qc6 Re5+ 67. Kd7 Re6 68. Qa8+ Kh7 69. Qf3 Bf6 70. Qg2 Re5 71. Kd6 Kg7 72. Qf3 h4 73. Kd7 g5 74. Kd6 Kg6 75. Qd3+ Rf5 76. Kd7 g4 77. Ke8 Be5 78. Qe4 Kg5 79. Qe3+ Bf4 80. Qc3 f6 81. Kf7 h3 82. Kg7 h2 83. Qc6 Be5 84. Qg2 Kh4 85. Kf7 Rf3 86. Kg6 Rc3 87. Kf5 Rf3+ 88. Kg6 Bg3 89. Kh6 f5 90. Kg6 Rf2 91. Qa8 Kh3 92. Qh1 Bh4 93. Kh5 f4 94. Qd1 Kg2 95. Qxg4+ 0-1

[Event "Bruges Masters op"]
[Site "Bruges"]
[Date "2018.08.12"]
[Round "1"]
[White "Altea, Alessandro"]
[Black "Gonzales, Jayson"]
[Result "0-1"]
[WhiteElo "2116"]
[BlackElo "2383"]
[PlyCount "40"]
[EventDate "2018.08.12"]
[EventType "swiss"]
[EventRounds "9"]
[EventCountry "BEL"]
[SourceTitle "CBM 186 Extra"]
[Source "ChessBase"]
[SourceDate "2018.08.24"]
[SourceVersion "1"]
[SourceVersionDate "2018.08.24"]
[SourceQuality "1"]

1. e4 c6 2. d4 d5 3. e5 c5 4. dxc5 e6 5. a3 Bxc5 6. b4 Bb6 7. Nf3 Ne7 8. Bb2 Nbc6 9. Bd3 Ng6 10. 0-0 0-0 11. Re1 Nf4 12. Bf1 f6 13. exf6 gxf6 14. c4 e5 15. Bc1 dxc4 16. Bxf4 Qxd1 17. Bxc4+ Kh8 18. Rxd1 exf4 19. h3 Ne5 20. Be2 Be6 0-1

[Event "Vlissingen HZ op 22nd"]
[Site "Vlissingen"]
[Date "2018.08.10"]
[Round "8"]
[White "Zeng, Chongsheng"]
[Black "Gonzales, Jayson"]
[Result "1-0"]
[WhiteElo "2539"]
[BlackElo "2383"]
[PlyCount "93"]
[EventDate "2018.08.04"]
[EventType "swiss"]
[EventRounds "9"]
[EventCountry "NED"]
[SourceTitle "CBM 185 Extra"]
[Source "ChessBase"]
[SourceDate "2018.07.29"]
[SourceVersion "1"]
[SourceVersionDate "2018.07.29"]
[SourceQuality "1"]

1. d4 d6 2. e4 e5 3. Nf3 Nd7 4. dxe5 dxe5 5. Bc4 c6 6. 0-0 Be7 7. Ng5 Bxg5 8. Qh5 Qf6 9. Bxg5 Qg6 10. Qh4 Ngf6 11. f3 Nb6 12. Bb3 Be6 13. Bxe6 fxe6 14. a4 0-0 15. a5 Nbd7 16. Na3 b5 17. axb6 axb6 18. Nc4 b5 19. Nd6 Nh5 20. Be7 Nf4 21. g3 Rfb8 22. Kf2 Nh5 23. Rfd1 Nf8 24. Rxa8 Rxa8 25. Nb7 Nf6 26. Nd8 N6d7 27. Bxf8 Nxf8 28. Nxc6 Qe8 29. Rd6 h6 30. Nxe5 Qc8 31. Rc6 Qb7 32. Qf4 Rd8 33. Qe3 Kh7 34. Rc3 Rd1 35. Nd3 Qa8 36. Ra3 Qc8 37. Qe2 Rb1 38. Kg2 e5 39. Rc3 Qa8 40. Nxe5 Qa1 41. Nd3 Rg1+ 42. Kh3 Ne6 43. Ra3 Qb1 44. Ra6 Nd4 45. Qf2 Nxc2 46. Qb6 Qf1+ 47. Kg4 1-0

[Event "Vlissingen HZ op 22nd"]
[Site "Vlissingen"]
[Date "2018.08.07"]
[Round "5"]
[White "Gonzales, Jayson"]
[Black "Peek, Marcel"]
[Result "1/2-1/2"]
[WhiteElo "2383"]
[BlackElo "2290"]
[PlyCount "80"]
[EventDate "2018.08.04"]
[EventType "swiss"]
[EventRounds "9"]
[EventCountry "NED"]
[SourceTitle "CBM 185 Extra"]
[Source "ChessBase"]
[SourceDate "2018.07.29"]
[SourceVersion "1"]
[SourceVersionDate "2018.07.29"]
[SourceQuality "1"]

1. Nf3 d5 2. c4 d4 3. b4 g6 4. Bb2 Bg7 5. e3 e5 6. exd4 e4 7. Ne5 f6 8. Ng4 Bxg4 9. Qxg4 f5 10. Qd1 Nc6 11. Nc3 Bxd4 12. Qb3 Qh4 13. g3 Qf6 14. b5 Nce7 15. c5 Qe5 16. c6 bxc6 17. bxc6 Nf6 18. Rb1 Kf8 19. Nb5 Bxb2 20. Qxb2 Qxb2 21. Rxb2 Rb8 22. Rb3 Nxc6 23. Be2 a6 24. Nxc7 Ke7 25. Nxa6 Rxb3 26. axb3 Nd4 27. Bc4 Ra8 28. d3 Nxb3 29. dxe4 Nc5 30. exf5 Nxa6 31. 0-0 Nc5 32. Re1+ Kf8 33. fxg6 hxg6 34. h4 Ra3 35. Re5 Ncd7 36. Re6 Ra5 37. Kg2 Re5 38. Ra6 Re7 39. Bb5 Kf7 40. Bc4+ Kf8 1/2-1/2

[Event "Vlissingen HZ op 22nd"]
[Site "Vlissingen"]
[Date "2018.08.05"]
[Round "2"]
[White "Wagenvoorde, Guido"]
[Black "Gonzales, Jayson"]
[Result "0-1"]
[WhiteElo "2035"]
[BlackElo "2383"]
[PlyCount "110"]
[EventDate "2018.08.04"]
[EventType "swiss"]
[EventRounds "9"]
[EventCountry "NED"]
[SourceTitle "CBM 185 Extra"]
[Source "ChessBase"]
[SourceDate "2018.07.29"]
[SourceVersion "1"]
[SourceVersionDate "2018.07.29"]
[SourceQuality "1"]

1. d4 d6 2. c4 e5 3. Nf3 Nd7 4. Nc3 Ngf6 5. e4 Be7 6. Be2 c6 7. 0-0 0-0 8. h3 a6 9. Qc2 Re8 10. d5 cxd5 11. cxd5 b5 12. b4 Nb6 13. a4 bxa4 14. Nxa4 Bd7 15. Nc3 Qc7 16. Nd2 Rec8 17. Bb2 Qb7 18. Qd3 a5 19. bxa5 Nbxd5 20. Nxd5 Nxd5 21. Qxd5 Qxb2 22. Rfb1 Qc3 23. a6 Be6 24. Qd3 Qc5 25. Nf1 Bd8 26. Ne3 Bb6 27. Bg4 Qd4 28. Qb5 Rc5 29. Qb2 Rc7 30. Bxe6 fxe6 31. Qa2 Kf7 32. Rd1 Qc5 33. Qe2 Qc6 34. Qf3+ Kg8 35. Qg4 Re7 36. Rac1 Bc5 37. Nc4 Qxa6 38. Rc2 Bd4 39. Rdc1 Rf8 40. Qg3 Ref7 41. Rf1 Rf4 42. Qb3 Kh8 43. Nb2 R4f6 44. Nd3 h6 45. Qc4 Qa8 46. Qc6 Qa3 47. Qb5 d5 48. exd5 e4 49. Nc5 Rxf2 50. Rfxf2 Rxf2 51. Rxf2 Qc1+ 52. Qf1 Bxf2+ 53. Kxf2 Qxc5+ 54. Kg3 Qd6+ 55. Kf2 Qf4+ 0-1

[Event "Sitges op 44th"]
[Site "Sitges"]
[Date "2018.07.27"]
[Round "7"]
[White "Vatsal, Singhania"]
[Black "Gonzales, Jayson"]
[Result "0-1"]
[WhiteElo "2194"]
[BlackElo "2367"]
[PlyCount "144"]
[EventDate "2018.07.22"]
[EventType "swiss"]
[EventRounds "9"]
[EventCountry "ESP"]
[SourceTitle "CBM 185 Extra"]
[Source "ChessBase"]
[SourceDate "2018.07.29"]
[SourceVersion "1"]
[SourceVersionDate "2018.07.29"]
[SourceQuality "1"]

1. Nf3 g6 2. g3 Bg7 3. Bg2 d6 4. 0-0 e5 5. e4 Nf6 6. Re1 0-0 7. c3 Nc6 8. d4 Bg4 9. h3 Bxf3 10. Bxf3 exd4 11. cxd4 d5 12. e5 Ne4 13. Nc3 Nxc3 14. bxc3 Na5 15. Rb1 c6 16. h4 Re8 17. Bg2 b5 18. Bg5 Qc7 19. h5 Nb7 20. f4 Nd8 21. f5 gxf5 22. h6 Ne6 23. Qh5 Bh8 24. Rf1 f6 25. Bxf6 Bxf6 26. exf6 Qf7 27. Qxf5 Nf8 28. Rxb5 Re6 29. Rb7 Qxb7 30. f7+ Kh8 31. c4 Qe7 32. cxd5 Rxh6 33. dxc6 Rd8 34. d5 Qe3+ 35. Rf2 Qe1+ 36. Rf1 Qe3+ 37. Rf2 Rg6 38. Qb1 Qxg3 39. Qb2+ Rg7 40. Qf6 Qc7 41. Re2 Rxd5 42. Re8 Rd1+ 43. Kf2 Qg3+ 44. Ke2 Qe1+ 45. Kf3 Rd3+ 46. Kf4 Qd2+ 47. Kf5 Qf2+ 48. Ke5 Qc5+ 49. Ke4 Qe3+ 50. Kf5 Qf2+ 51. Ke5 Qd4+ 52. Kf5 Qg4+ 53. Ke5 Qd4+ 54. Kf5 Qc5+ 55. Ke4 Rd2 56. Bf3 Rc2 57. c7 Qb4+ 58. Ke5 Rxc7 59. Bd5 Rc1 60. Be4 Qc5+ 61. Kf4 Rf1+ 62. Bf3 Qa3 63. Ke4 Qb4+ 64. Ke3 Qc5+ 65. Kf4 Qb4+ 66. Ke3 Rc1 67. Ke2 Rc2+ 68. Kd3 Rxa2 69. Ke3 Qd2+ 70. Ke4 Ra4+ 71. Ke5 Qd4+ 72. Kf5 Ra5+ 0-1

[Event "Sitges op 44th"]
[Site "Sitges"]
[Date "2018.07.23"]
[Round "3"]
[White "Anadkat, Kartavya"]
[Black "Gonzales, Jayson"]
[Result "1/2-1/2"]
[WhiteElo "1910"]
[BlackElo "2367"]
[PlyCount "98"]
[EventDate "2018.07.22"]
[EventType "swiss"]
[EventRounds "9"]
[EventCountry "ESP"]
[SourceTitle "CBM 185 Extra"]
[Source "ChessBase"]
[SourceDate "2018.07.29"]
[SourceVersion "1"]
[SourceVersionDate "2018.07.29"]
[SourceQuality "1"]

1. e4 c6 2. d4 d5 3. e5 c5 4. dxc5 e6 5. a3 Bxc5 6. b4 Bb6 7. Nf3 Nc6 8. Bb2 Nge7 9. Bd3 Ng6 10. 0-0 0-0 11. c4 dxc4 12. Bxc4 Qxd1 13. Rxd1 Bc7 14. Re1 Rd8 15. Bc3 a6 16. a4 Bd7 17. Na3 Rac8 18. b5 axb5 19. axb5 Nce7 20. Bb4 Be8 21. Rac1 Nf5 22. Bf1 Nf4 23. g4 Nd5 24. Bc5 Nh6 25. h3 Ba5 26. Red1 Rxc5 27. Rxc5 Bb4 28. Rcxd5 Rxd5 29. Rxd5 exd5 30. Nc2 Bc5 31. Ncd4 f6 32. Nb3 Bb6 33. exf6 gxf6 34. Nfd4 Bg6 35. Bg2 Be4 36. Bxe4 dxe4 37. Kf1 Nf7 38. Nf5 Kf8 39. Nd2 Ng5 40. h4 Nf3 41. Nxf3 exf3 42. h5 Bc5 43. Nh4 Ke8 44. Nxf3 Kd7 45. Nd2 Ke6 46. Ne4 Be7 47. Ke2 f5 48. gxf5+ Kxf5 49. Kf3 Ke5 1/2-1/2

[Event "Barcelona Sant Marti op-A 20th"]
[Site "Barcelona"]
[Date "2018.07.16"]
[Round "4"]
[White "Gonzales, Jayson"]
[Black "Garcia Gil, Javier"]
[Result "1/2-1/2"]
[WhiteElo "2367"]
[BlackElo "2110"]
[PlyCount "50"]
[EventDate "2018.07.13"]
[EventType "swiss"]
[EventRounds "9"]
[EventCountry "ESP"]
[SourceTitle "CBM 185 Extra"]
[Source "ChessBase"]
[SourceDate "2018.07.29"]
[SourceVersion "1"]
[SourceVersionDate "2018.07.29"]
[SourceQuality "1"]

1. Nf3 Nf6 2. c4 e6 3. g3 d5 4. Bg2 a6 5. b3 b5 6. 0-0 Be7 7. Bb2 0-0 8. Qc2 Bb7 9. Ne5 c5 10. d4 Qb6 11. dxc5 Bxc5 12. cxb5 axb5 13. Nd3 Be7 14. Rc1 Na6 15. Nd2 Rfc8 16. Qd1 Rxc1 17. Qxc1 Nb4 18. Nxb4 Bxb4 19. a3 Bc5 20. e3 Bxe3 21. fxe3 Qxe3+ 22. Kh1 Ng4 23. Qe1 Nf2+ 24. Kg1 Nh3+ 25. Kh1 Nf2+ 1/2-1/2

[Event "Barbera del Valles op 41st"]
[Site "Barbera del Valles"]
[Date "2018.07.06"]
[Round "3"]
[White "Michelle, Catherina P"]
[Black "Gonzales, Jayson"]
[Result "1/2-1/2"]
[WhiteElo "2069"]
[BlackElo "2367"]
[PlyCount "97"]
[EventDate "2018.07.04"]
[EventType "swiss"]
[EventRounds "9"]
[EventCountry "ESP"]
[SourceTitle "CBM 185 Extra"]
[Source "ChessBase"]
[SourceDate "2018.07.29"]
[SourceVersion "1"]
[SourceVersionDate "2018.07.29"]
[SourceQuality "1"]

1. e4 d6 2. d4 Nf6 3. Nc3 g6 4. Be3 c6 5. Qd2 b5 6. Bd3 Nbd7 7. Nf3 Qc7 8. 0-0 Bg7 9. h3 0-0 10. Rfe1 e5 11. dxe5 dxe5 12. Ne2 c5 13. Bxb5 Rb8 14. Qd3 Rd8 15. Nc3 Nb6 16. Qe2 Bb7 17. Nd2 Nh5 18. a4 Nf4 19. Qf1 Nc8 20. Bc4 Nb6 21. Nb3 Bf8 22. Nb5 Qe7 23. Bxc5 Qg5 24. Bxb6 axb6 25. Re3 Rbc8 26. Rg3 Qe7 27. Nc3 Rc7 28. Ba6 Ba8 29. Re3 Qg5 30. Kh2 Bb4 31. g3 Ne6 32. Rd1 Nd4 33. Red3 Rcd7 34. Nxd4 exd4 35. Ne2 Bxe4 36. Rxd4 Rxd4 37. Rxd4 Rxd4 38. Nxd4 Bc5 39. c3 Qf6 40. Kg1 Bxd4 41. cxd4 Qxd4 42. b3 Ba8 43. Kh2 Qe4 44. Bd3 Qc6 45. Bc4 Qe4 46. Bb5 h5 47. h4 Kg7 48. Bd3 Qd5 49. Bc4 1/2-1/2

[Event "Surakarta Japfa"]
[Site "Surakarta"]
[Date "2018.04.25"]
[Round "1"]
[White "Priasmoro, Novendra"]
[Black "Gonzales, Jayson"]
[Result "1-0"]
[WhiteElo "2449"]
[BlackElo "2364"]
[PlyCount "115"]
[EventDate "2018.04.25"]
[EventType "tourn"]
[EventRounds "11"]
[EventCountry "INA"]
[EventCategory "10"]
[SourceTitle "CBM 184 Extra"]
[Source "ChessBase"]
[SourceDate "2018.06.28"]
[SourceVersion "1"]
[SourceVersionDate "2018.06.28"]
[SourceQuality "1"]

1. e4 c6 2. d4 d5 3. exd5 cxd5 4. Bd3 Nc6 5. c3 Qc7 6. Ne2 Bg4 7. f3 Bd7 8. 0-0 e5 9. dxe5 Nxe5 10. Nd4 Bd6 11. Kh1 a6 12. f4 Nxd3 13. Qxd3 Nf6 14. Re1+ Kf8 15. Qf3 h5 16. Be3 Bg4 17. Qf2 Re8 18. Nd2 Rxe3 19. Rxe3 Bxf4 20. Rd3 Bd7 21. Rf1 Be5 22. h3 Kg8 23. Re3 h4 24. Nf5 Be6 25. Qe2 Bf4 26. Rxe6 fxe6 27. Qxe6+ Kh7 28. Ne7 Qe5 29. Qf7 Qh5 30. Qg6+ Qxg6 31. Nxg6 Kxg6 32. Rxf4 Re8 33. Nf3 a5 34. Nxh4+ Kf7 35. Rf2 Re1+ 36. Kh2 Ra1 37. a3 Ke6 38. Nf5 g6 39. Nd4+ Ke5 40. Nb3 Re1 41. Nxa5 Ne4 42. Rf7 b6 43. Nc6+ Kd6 44. Nb4 Re2 45. Rb7 Rxb2 46. Rxb6+ Kd7 47. Nxd5 Rxb6 48. Nxb6+ Kc6 49. Na4 Kb5 50. Nb2 Nxc3 51. Kg3 Nd5 52. Kf3 Kc5 53. Ke4 Nc3+ 54. Ke5 Ne2 55. h4 Ng3 56. Kf6 Nh5+ 57. Kg5 Kd4 58. g4 1-0

[Event "Bratto op 37th"]
[Site "Bratto"]
[Date "2017.08.26"]
[Round "8"]
[White "Gonzales, Jayson"]
[Black "Zamengo, Fulvio"]
[Result "0-1"]
[WhiteElo "2378"]
[BlackElo "2266"]
[PlyCount "108"]
[EventDate "2017.08.19"]
[EventType "swiss"]
[EventRounds "9"]
[EventCountry "ITA"]
[SourceTitle "CBM 180 Extra"]
[Source "ChessBase"]
[SourceDate "2017.10.06"]
[SourceVersion "1"]
[SourceVersionDate "2017.10.06"]
[SourceQuality "1"]

1. d4 Nf6 2. c4 g6 3. g3 c6 4. Bg2 d5 5. cxd5 cxd5 6. Nf3 Bg7 7. Nc3 0-0 8. Ne5 e6 9. 0-0 Nfd7 10. f4 Nc6 11. Be3 Ne7 12. Rc1 Nf5 13. Bf2 Nb6 14. b3 Bd7 15. a4 Rc8 16. Qd3 Bc6 17. Rc2 Nd6 18. Rfc1 f6 19. Nxc6 Rxc6 20. Nb5 Rxc2 21. Rxc2 a6 22. Nxd6 Qxd6 23. Be1 f5 24. e3 Nc8 25. Qc3 Na7 26. Qc5 Qxc5 27. Rxc5 Rc8 28. Bf1 Bf8 29. Rxc8 Nxc8 30. b4 Nd6 31. b5 axb5 32. axb5 Kf7 33. Ba5 Nc4 34. Bxc4 dxc4 35. Kf2 Ba3 36. Ke2 Ke7 37. Bc7 Bc1 38. Bb8 c3 39. Kd3 c2 40. Kxc2 Bxe3 41. Kd3 Bg1 42. h3 h5 43. Be5 Bf2 44. g4 fxg4 45. hxg4 hxg4 46. Ke2 Bg3 47. Ke3 Kf7 48. Ke4 g5 49. d5 exd5+ 50. Kxd5 gxf4 51. b6 Bf2 52. Bxf4 g3 53. Kd6 g2 54. Bh2 Bg3+ 0-1

[Event "Bratto op 37th"]
[Site "Bratto"]
[Date "2017.08.25"]
[Round "7"]
[White "Welling, Gerard J"]
[Black "Gonzales, Jayson"]
[Result "1/2-1/2"]
[WhiteElo "2296"]
[BlackElo "2378"]
[PlyCount "89"]
[EventDate "2017.08.19"]
[EventType "swiss"]
[EventRounds "9"]
[EventCountry "ITA"]
[SourceTitle "CBM 180 Extra"]
[Source "ChessBase"]
[SourceDate "2017.10.06"]
[SourceVersion "1"]
[SourceVersionDate "2017.10.06"]
[SourceQuality "1"]

1. e4 Nc6 2. Nc3 e6 3. Nf3 d5 4. exd5 exd5 5. d4 Bb4 6. a3 Bxc3+ 7. bxc3 Nge7 8. Bd3 Bf5 9. 0-0 0-0 10. Re1 f6 11. a4 Re8 12. Bxf5 Nxf5 13. Rxe8+ Qxe8 14. Qd3 Qd7 15. Bf4 Nce7 16. h3 c6 17. Re1 Rd8 18. Qe2 Nc8 19. c4 Nfd6 20. Bxd6 Nxd6 21. c5 Re8 22. Qd2 Nc4 23. Qb4 b6 24. cxb6 axb6 25. Kf1 Kf7 26. Rxe8 Qxe8 27. Nd2 Qe7 28. Qxe7+ Kxe7 29. Nxc4 dxc4 30. Ke2 Kd6 31. Ke3 Kd5 32. h4 g6 33. f3 h6 34. g4 Ke6 35. Ke4 f5+ 36. Kf4 Kf6 37. Ke3 g5 38. h5 Ke6 39. c3 Kf6 40. Kd2 Ke6 41. Ke3 Kf6 42. Kd2 Ke7 43. Ke2 Ke6 44. Ke3 f4+ 45. Ke4 1/2-1/2

[Event "Bratto op 37th"]
[Site "Bratto"]
[Date "2017.08.24"]
[Round "6"]
[White "Gonzales, Jayson"]
[Black "Bifulco, Michel"]
[Result "1-0"]
[WhiteElo "2378"]
[BlackElo "2252"]
[PlyCount "127"]
[EventDate "2017.08.19"]
[EventType "swiss"]
[EventRounds "9"]
[EventCountry "ITA"]
[SourceTitle "CBM 180 Extra"]
[Source "ChessBase"]
[SourceDate "2017.10.06"]
[SourceVersion "1"]
[SourceVersionDate "2017.10.06"]
[SourceQuality "1"]

1. e4 c5 2. Nc3 Nc6 3. g3 g6 4. Bg2 Bg7 5. d3 d6 6. Be3 h5 7. h3 h4 8. g4 e6 9. Qd2 Nd4 10. f4 Rb8 11. Nd1 e5 12. f5 f6 13. c3 Nc6 14. Nf3 Nce7 15. 0-0 Nh6 16. Bf2 g5 17. d4 b6 18. b4 cxd4 19. cxd4 Nf7 20. d5 0-0 21. Nc3 Bd7 22. Rfc1 Rb7 23. Bf1 Qb8 24. b5 Nc8 25. Ne1 Re8 26. Nc2 Rc7 27. Nb4 Rc5 28. Na6 Qb7 29. a4 Bf8 30. Na2 Be7 31. Bc4 Bd8 32. N2b4 Kg7 33. Qd3 Rh8 34. Rc2 Re8 35. Nc6 Rh8 36. Rca2 Rg8 37. Qe2 Rh8 38. Ra3 Rg8 39. Bd3 Rh8 40. a5 Re8 41. axb6 axb6 42. Bc4 Rh8 43. Qd3 Rg8 44. Nxc5 bxc5 45. Ra8 Bb6 46. Qb3 Rh8 47. R1a3 Rf8 48. Kg2 Rh8 49. Qa2 Rf8 50. Be1 Rh8 51. Rb8 Bxc6 52. Rxb7 Bxb7 53. Ba5 Re8 54. Qd2 Kf8 55. Be2 Ke7 56. Bxb6 Nxb6 57. Ra7 Rb8 58. Qa5 Nd7 59. Qc7 Nd8 60. b6 Rc8 61. Rxb7 Rxc7 62. bxc7 Nxb7 63. c8Q Nd8 64. Bb5 1-0

[Event "Bratto op 37th"]
[Site "Bratto"]
[Date "2017.08.22"]
[Round "4"]
[White "Gonzales, Jayson"]
[Black "Petrov, Nikita"]
[Result "1/2-1/2"]
[WhiteElo "2378"]
[BlackElo "2566"]
[PlyCount "87"]
[EventDate "2017.08.19"]
[EventType "swiss"]
[EventRounds "9"]
[EventCountry "ITA"]
[SourceTitle "CBM 180 Extra"]
[Source "ChessBase"]
[SourceDate "2017.10.06"]
[SourceVersion "1"]
[SourceVersionDate "2017.10.06"]
[SourceQuality "1"]

1. e4 e5 2. Nf3 Nc6 3. Nc3 Nf6 4. Bb5 Bc5 5. 0-0 0-0 6. Nxe5 Nxe5 7. d4 Bd6 8. f4 Nc6 9. e5 Be7 10. exf6 Bxf6 11. d5 Nd4 12. Bd3 d6 13. Ne4 c6 14. c3 Nf5 15. dxc6 bxc6 16. Nxf6+ Qxf6 17. g4 Ne7 18. f5 h6 19. Be4 Rb8 20. Qf3 Re8 21. Qg2 Qe5 22. Bf4 Qc5+ 23. Qf2 Rxb2 24. Qxc5 dxc5 25. Rfe1 Bd7 26. Bc1 Rbb8 27. Be3 Nd5 28. Bxd5 cxd5 29. Bxc5 a6 30. Rxe8+ Rxe8 31. Kf2 Re4 32. h3 h5 33. Re1 Ra4 34. Re7 Bb5 35. Kg3 hxg4 36. hxg4 Rxa2 37. Ra7 Re2 38. Bd4 Re8 39. Bc5 Be2 40. Re7 Rxe7 41. Bxe7 a5 42. g5 a4 43. Kf4 f6 44. g6 1/2-1/2

[Event "Bratto op 37th"]
[Site "Bratto"]
[Date "2017.08.21"]
[Round "3"]
[White "Bilchinski, Anton"]
[Black "Gonzales, Jayson"]
[Result "0-1"]
[WhiteElo "2283"]
[BlackElo "2378"]
[PlyCount "114"]
[EventDate "2017.08.19"]
[EventType "swiss"]
[EventRounds "9"]
[EventCountry "ITA"]
[SourceTitle "CBM 180 Extra"]
[Source "ChessBase"]
[SourceDate "2017.10.06"]
[SourceVersion "1"]
[SourceVersionDate "2017.10.06"]
[SourceQuality "1"]

1. d4 Nf6 2. c4 e6 3. Nc3 Bb4 4. f3 c5 5. d5 Nh5 6. g3 f5 7. Bd2 e5 8. e4 d6 9. Bg2 f4 10. g4 Bxc3 11. Bxc3 Nf6 12. h4 h5 13. g5 Nh7 14. Nh3 Nf8 15. Nf2 Ng6 16. Bf1 0-0 17. Bd3 Na6 18. Bc2 Rb8 19. a4 Bd7 20. Nd3 Qc7 21. b3 Rfc8 22. Qd2 Qd8 23. a5 Qe7 24. Ke2 Rc7 25. Qe1 Bc8 26. Ra2 b5 27. axb6 axb6 28. Qa1 Ra8 29. b4 Rca7 30. Qb1 cxb4 31. Nxb4 Nxb4 32. Rxa7 Qxa7 33. Qxb4 b5 34. Bd2 bxc4 35. Qxd6 Kh7 36. Qb4 Qd4 37. Bb1 Ra1 38. Qc3 Qa7 39. d6 Ra3 40. Qc1 Qc5 41. Bc3 Qxd6 42. Rd1 Qe7 43. Rd5 Be6 44. Rb5 Rb3 45. Ra5 Qb7 46. Ba2 Rb5 47. Qa3 Rxa5 48. Qxa5 Qd7 49. Bb1 Qd6 50. Bc2 Bf7 51. Bb1 Qe7 52. Ba2 Qd7 53. Bb1 Qh3 54. Qc7 Qg2+ 55. Kd1 Qxf3+ 56. Kc2 Qe2+ 57. Kc1 f3 0-1

[Event "Bratto op 37th"]
[Site "Bratto"]
[Date "2017.08.20"]
[Round "2"]
[White "Gonzales, Jayson"]
[Black "Vuelban, Virgilio"]
[Result "1-0"]
[WhiteElo "2378"]
[BlackElo "2261"]
[PlyCount "61"]
[EventDate "2017.08.19"]
[EventType "swiss"]
[EventRounds "9"]
[EventCountry "ITA"]
[SourceTitle "CBM 180 Extra"]
[Source "ChessBase"]
[SourceDate "2017.10.06"]
[SourceVersion "1"]
[SourceVersionDate "2017.10.06"]
[SourceQuality "1"]

1. e4 Nf6 2. e5 Ng8 3. d4 d6 4. Nf3 dxe5 5. Nxe5 Nd7 6. Nf3 Ngf6 7. c4 g6 8. Bd3 Bg7 9. 0-0 0-0 10. Re1 Re8 11. h3 c6 12. Nc3 Nf8 13. Be3 Ne6 14. Qd2 Nh5 15. Bf1 f5 16. d5 f4 17. dxe6 fxe3 18. Qxe3 Qb6 19. Rab1 Rf8 20. c5 Qc7 21. Rbd1 Nf4 22. Bc4 b5 23. cxb6 axb6 24. Bb3 Ra5 25. Rd7 Bxd7 26. exd7+ e6 27. g3 Bxc3 28. bxc3 Nd5 29. Qxe6+ Kg7 30. Ne5 Raa8 31. Nxc6 1-0

[Event "Vlissingen HZ op 21st"]
[Site "Vlissingen"]
[Date "2017.08.11"]
[Round "8"]
[White "Gonzales, Jayson"]
[Black "Mellema, Andries"]
[Result "1-0"]
[WhiteElo "2378"]
[BlackElo "2155"]
[PlyCount "121"]
[EventDate "2017.08.05"]
[EventType "swiss"]
[EventRounds "9"]
[EventCountry "NED"]
[SourceTitle "CBM 179 Extra"]
[Source "ChessBase"]
[SourceDate "2017.08.23"]
[SourceVersion "1"]
[SourceVersionDate "2017.08.23"]
[SourceQuality "1"]

1. e4 e6 2. d4 d5 3. Nc3 Nf6 4. Bg5 Be7 5. e5 Nfd7 6. Bxe7 Qxe7 7. Nb5 Nb6 8. a4 a6 9. a5 Nc4 10. Bxc4 dxc4 11. Na3 Bd7 12. Nf3 Nc6 13. Qd2 Qb4 14. Qxb4 Nxb4 15. 0-0-0 Bb5 16. Nd2 c3 17. bxc3 Nc6 18. Nb3 Ne7 19. f3 h5 20. h4 Nf5 21. c4 Bd7 22. Rd2 0-0-0 23. Nc5 Bc6 24. c3 Rh6 25. Nc2 Rg6 26. Kb2 Kb8 27. Ka3 Ka7 28. Nd3 Rh6 29. Nf4 Rhh8 30. Nd3 Rh6 31. Nc5 Rg6 32. Rh2 Be8 33. Nd3 Ne7 34. Na1 Nf5 35. Re2 Ng3 36. Re1 Bc6 37. Nc2 Nf5 38. Ne3 Ne7 39. Rb1 Rh6 40. Nc5 Rb8 41. Rhh1 Be8 42. Rb2 Nc6 43. Nb3 f6 44. f4 fxe5 45. fxe5 Rg6 46. Rh3 Rd8 47. Rf3 Rb8 48. Rd2 Rd8 49. Kb2 Kb8 50. Kc1 Kc8 51. Kd1 Ne7 52. Ke1 Bc6 53. Rf7 Re8 54. Nc5 Ng8 55. Rdf2 Ne7 56. Rd2 Ng8 57. Kf1 Nh6 58. Rf4 Bd7 59. Rdf2 Kd8 60. Nxb7+ Ke7 61. d5 1-0

[Event "Vlissingen HZ op 21st"]
[Site "Vlissingen"]
[Date "2017.08.10"]
[Round "7"]
[White "Praggnanandhaa, Rameshbabu"]
[Black "Gonzales, Jayson"]
[Result "1-0"]
[WhiteElo "2487"]
[BlackElo "2378"]
[PlyCount "99"]
[EventDate "2017.08.05"]
[EventType "swiss"]
[EventRounds "9"]
[EventCountry "NED"]
[SourceTitle "CBM 181"]
[Source "ChessBase"]
[SourceDate "2017.11.10"]
[SourceVersion "1"]
[SourceVersionDate "2017.11.10"]
[SourceQuality "1"]

1. e4 c6 2. d4 d5 3. e5 Bf5 4. Nf3 e6 5. Be2 Nd7 6. 0-0 Ne7 7. Nbd2 Bg6 8. Ne1 c5 9. c3 Nc6 10. Ndf3 Qb6 11. Nd3 cxd4 12. cxd4 Be7 13. Be3 0-0 14. Nf4 Rac8 15. Nxg6 fxg6 16. Rb1 a5 17. Ne1 Rfe8 18. g3 Bf8 19. h4 Ne7 20. Ng2 Nb8 21. a3 Nbc6 22. g4 Nd8 23. Nf4 Nec6 24. Kg2 Rc7 25. Rh1 Rf7 26. Nh3 Be7 27. Ng5 Bxg5 28. hxg5 Nb8 29. Bd3 Nd7 30. b4 axb4 31. axb4 Nc6 32. b5 Na5 33. Qc2 Nf8 34. Qe2 Rc8 35. Rhc1 Rxc1 36. Rxc1 Rc7 37. Rxc7 Qxc7 38. Bd2 Nd7 39. Bb4 b6 40. Qd1 Nc4 41. Qc2 Kf7 42. Kg3 Ndxe5 43. dxe5 Qxe5+ 44. Kf3 Qh2 45. Bxc4 Qh3+ 46. Kf4 Qh2+ 47. Ke3 Qe5+ 48. Kf3 Qd4 49. Bxd5 Qxd5+ 50. Qe4 1-0